000 00412nam a22001457a 4500
082 _a621.381
_bKLO
_cL-11, P-5
100 _aKloeffer, Royee Gerald,
_941511
245 _aIndustrial electronics and control
250 _a2nd ed.
260 _aLondon:
_bChapman & Hall, Ltd,
_cc1960
300 _avii, 540 p,;
_bill.;
_c22cm
526 _a0
_b0
_c0
_d621_381000000000000_KLO
650 _aMCE
_9379
942 _2ddc
_cBK
999 _c545602
_d545602